000 00969 a2200265 4500
008 080820t xxu||||| |||| 00| 0 eng d
010 _aENG-84858
020 _a8177640007
_c750.00
035 _aEN-68391
037 _bD.B.Act / Pub
082 _a658.
245 _aManagement challenges
_cedited by Kampan Mukherjee ... [et al]
_bthe road ahead
250 _a1st ed.
260 _aNew Delhi
_bAllied Publishers
_c2006
270 _aA-104, Mayapuri Phase-II
_bNew Delhi
_cDelhi
_e110064
300 _aix, 243 p.
_c24 cm. (Pbk)
500 _aIncludes bibliographical references and index
650 _aManagement
700 _aMukherjee, Kampan
700 _aBhar, Chandan
700 _aPathak, Pramod
700 _aPattanayak, J. K.
942 _adpl
_cEN
_k658.4012 / MAN
_2ddc
_h658.4012
_n/ MAN
999 _c601
_d601